000 00272nam a22001217a 4500
008 180807b xxu||||| |||| 00| 0 eng d
082 _a813.52
245 _aIT Simulations CD
_cPearson
260 _c2012
300 _a1
_fCD
440 _x9780132653015
942 _2ddc
_cMX
999 _c46902
_d46902